Stepping over the boundaries of area studies

Ekonomická univerzita v Bratislave od svojich začiatkov kládla dôraz na jazykovú vybavenosť svojich absolventov. Význam štúdia rôznych oblastí, kultúr. Kultúra a komunikácia ako jazykový kurz. Európska identita. Európska civilizácia.

Gespeichert in:
Bibliographische Detailangaben
1. Verfasser: Hrivíková, Tatiana, 1959-
Format: Buchkapitel
Sprache:Englisch
Schlagworte:
Tags: Tag hinzufügen
Keine Tags, Fügen Sie das erste Tag hinzu!

MARC

LEADER 00000nla$a2200000$$$4500
001 0144293
005 20240502072603.7
041 0 |a eng 
044 |a SK 
245 1 0 |a Stepping over the boundaries of area studies  |c Tatiana Hrivíková 
520 |a Ekonomická univerzita v Bratislave od svojich začiatkov kládla dôraz na jazykovú vybavenosť svojich absolventov. Význam štúdia rôznych oblastí, kultúr. Kultúra a komunikácia ako jazykový kurz. Európska identita. Európska civilizácia. 
610 2 0 |a jazyky cudzie 
610 2 0 |a výučba vedecká 
610 2 0 |a komunikácia multikultúrna 
610 2 0 |a civilizácia 
610 2 0 |a kultúra 
610 2 0 |a Európa 
100 1 |a Hrivíková, Tatiana, 1959-